El dólar en la economía mundial
Saved in:
| Hovedforfatter: | |
|---|---|
| Format: | Bog |
| Sprog: | spansk |
| Udgivet: |
Ciudad de México
Limusa-Wiley
1966
|
| Serier: | El Mundo de Hoy
|
| Fag: | |
| Tags: |
Tilføj Tag
Ingen Tags, Vær først til at tagge denne postø!
|
MARC
| LEADER | 00000nam a2200000 a 4500 | ||
|---|---|---|---|
| 001 | UCT8053 | ||
| 003 | CL-VaPUC | ||
| 008 | 970317e19660000MX |||||||||||||||||spa|d | ||
| 082 | 0 | 4 | |a 337.730 |b AUB |2 21 |
| 100 | 0 | |a Aubrey, Henry G |e author |9 379515 | |
| 245 | 1 | 3 | |a El dólar en la economía mundial |
| 300 | |a 380 p | ||
| 942 | |c BK | ||
| 945 | |d 19970317 00:00:00 |a paguirre | ||
| 260 | |a Ciudad de México |b Limusa-Wiley |c 1966 | ||
| 650 | 0 | |a Política económica |9 255029 | |
| 650 | 0 | |a Economía internacional |9 258254 | |
| 650 | 0 | |a Balanza comercial |9 379503 | |
| 650 | 7 | |a MOVIMIEMTOS DE CAPITAL |2 CL-VaPUC |9 379516 | |
| 650 | 0 | |a Moneda |9 342365 | |
| 650 | 0 | |a Dinero |9 314331 | |
| 650 | 7 | |a SISTEMAS MONETARIOS |2 CL-VaPUC |9 342366 | |
| 651 | 0 | |a Estados Unidos |9 255178 | |
| 583 | |a last modification |c 19970317 00:00:00 |k Rodrigo Vera | ||
| 490 | 0 | |a El Mundo de Hoy | |
| 999 | |c 256589 |d 256587 | ||
| 952 | |0 0 |1 0 |4 0 |6 337_730000000000000_AUB_1966 |7 0 |8 A |9 279391 |a BIBDER |b BIBDER |d 2019-11-19 |i 1812289 |o 337.730 AUB 1966 |p 1812289 |r 2023-01-25 |w 2019-11-19 |y BK |k DER | ||
| 952 | |0 0 |1 0 |4 0 |6 337_730000000000000_AUB_1966 |7 0 |8 A |9 279392 |a BIBENE |b BIBENE |d 2019-11-19 |i 1996991 |o 337.730 AUB 1966 |p 1996991 |r 2025-01-15 |w 2019-11-19 |y BK |k ICO | ||